000 00621nam a2200205 a 4500
005 20221126064842.0
008 140624s1990 mx r 000 0 spa d
020 _a8426120008
035 _aUPN01000198259
049 _aI
050 4 _aPZ7
_bO9.3 1990
100 1 _aOxenbury, Helen,
_d1938-
_929786
245 1 0 _aEn el auto /
_cHelen Oxenbury; tr. de Herminia Dauer.
250 _a3a ed.
260 _aBarcelona, [Esp.] :
_bJuventud,
_c1990.
300 _a[20] p. :
_bprincipalmente il. col.
650 0 _aLiteratura infantil inglesa
_911046
650 7 _aLibros ilustrados para niƱos
_2
_921365
905 _aInfantil
999 _c170360
_d170360